[Event "Morbihan-ch 1213"]
[Site "France"]
[Date "2013.03.16"]
[Round "6"]
[White "Malry, Celia"]
[Black "Ruello, Dylan"]
[Result "1-0"]
[WhiteElo "1610"]
[BlackElo "1199"]
[PlyCount "73"]
[EventDate "2012.10.27"]
[EventType "swiss"]
[EventRounds "7"]
[EventCountry "FRA"]
[SourceTitle "EXT 2014"]
[Source "ChessBase"]
[SourceDate "2013.11.20"]
[SourceVersion "1"]
[SourceVersionDate "2013.11.20"]
[SourceQuality "1"]

1. c4 e5 2. Nc3 Nc6 3. a3 Bc5 4. e3 Nge7 5. b4 d6 6. bxc5 dxc5 7. Nge2 Bg4 8. g3 0-0 9. Bg2 Qd7 10. 0-0 Rfd8 11. f3 Be6 12. Ne4 Bxc4 13. Nxc5 Qc8 14. Re1 b6 15. Ne4 g6 16. Qc2 Bd5 17. Nf6+ Kg7 18. Nxd5 Rxd5 19. f4 Rc5 20. Qd3 f6 21. a4 Rb8 22. Ba3 Ra5 23. Bxe7 Nxe7 24. fxe5 Rxe5 25. Qc3 Qd7 26. d4 Rg5 27. Nf4 Re8 28. Bh3 Qd6 29. Ne6+ Kf7 30. Nxg5+ fxg5 31. Rf1+ Kg7 32. d5+ Kg8 33. Be6+ Qxe6 34. dxe6 Nd5 35. Qe5 Ne7 36. Rf7 Nc6 37. Qg7# 1-0

[Event "Morbihan-ch 1213"]
[Site "France"]
[Date "2012.12.15"]
[Round "3"]
[White "Ruello, Dylan"]
[Black "Cheneau, Lionel"]
[Result "0-1"]
[WhiteElo "1199"]
[BlackElo "1470"]
[PlyCount "142"]
[EventDate "2012.10.27"]
[EventType "swiss"]
[EventRounds "7"]
[EventCountry "FRA"]
[SourceTitle "EXT 2014"]
[Source "ChessBase"]
[SourceDate "2013.11.20"]
[SourceVersion "1"]
[SourceVersionDate "2013.11.20"]
[SourceQuality "1"]

1. e4 e5 2. Nf3 Nc6 3. Bc4 h6 4. 0-0 Bc5 5. d3 a6 6. Nc3 Nf6 7. a3 Na5 8. Na4 Nxc4 9. dxc4 Be7 10. Qe2 0-0 11. Nxe5 d6 12. Nf3 Bd7 13. Nc3 c6 14. Bf4 Nh5 15. Bd2 Re8 16. Nd4 Nf6 17. f3 c5 18. Nb3 Qc7 19. Bf4 g5 20. Bg3 Qd8 21. Nd5 Be6 22. Rad1 Nh5 23. Qf2 Bxd5 24. cxd5 Nxg3 25. Qxg3 Bf6 26. c3 Qb6 27. Qf2 Qxb3 28. Qd2 Qb6 29. Qf2 Qc7 30. Rfe1 Be5 31. g3 Qe7 32. Rd3 Kf8 33. f4 gxf4 34. gxf4 Bg7 35. Rg3 Qh4 36. Qg2 Ke7 37. Ree3 Bh8 38. Rg4 Qh5 39. Rh3 Qxg4 40. Qxg4 Rg8 41. Qxg8 Rxg8+ 42. Kf2 Kd7 43. Rxh6 Bg7 44. Rh5 Re8 45. Kf3 b5 46. Rh7 Rg8 47. f5 Ke7 48. Kf4 Be5+ 49. Ke3 Rg2 50. Kd3 c4+ 51. Ke3 Bxh2 52. Rh8 Bg1+ 53. Kf3 Rf2+ 54. Kg3 Kd7 55. Rh1 Rxb2 56. Rxg1 Rb3 57. Kf4 Rxc3 58. Rg7 Ke7 59. e5 dxe5+ 60. Kxe5 Re3+ 61. Kf4 Rxa3 62. Ke5 Re3+ 63. Kd4 Rh3 64. Kc5 c3 65. Rg2 Rh4 66. d6+ Kd7 67. Kb6 Rd4 68. Kxa6 b4 69. Rc2 Rxd6+ 70. Kb5 b3 71. Rxc3 b2 0-1